Statistics for The Office Quotes

Click here to take the quiz!

General Stats

  • This quiz has been taken 791 times
  • The average score is 8 of 13

Answer Stats

CharacterQuoteMissing Word% Correct
Stanley Hudson"Did I _______?"stutter
96%
Jim Halpert"Bears. Beets. __________ Galactica."Battlestar
96%
Michael Scott"That's what ___ said."she
95%
Creed Bratton"Just pretend we're talking until the ____ leave."cops
80%
Michael Scott"The worst thing about prison was--was the _________."dementors
77%
Michael Scott"We'll offer off ______, like in the olden days."people
75%
Dwight Schrute"You couldn't handle my _________ attention."undivided
60%
Michael Scott"Happy Birthday _____, sorry your party's so lame."Jesus
54%
Phyllis Vance"I wonder what people like about me. Probably my ____."jugs
52%
Michael Scott"Do you think doing _______ is cool?"alcohol
38%
Michael Scott"I'll ocassionally hit ________ with my car. Sue me."somebody
31%
Oscar Martinez"Saddle shoes with denim? I will literally call ________ services."protective
30%
Dwight Schrute"I really should have a _______ account."tweeter
27%

Score Distribution

Percentile by Number Answered

Percent of People with Each Score

Your Score History

You have not taken this quiz